Біржова діяльність (Запис № 307621)

МАРК-запис
000 -Лідер
fixed length control field 00649nam a22002417a 4500
001 - Контрольний номер
control field 21424
003 - Ідентифікатор контрольного номера
control field UA-OsUOA
005 - Дата та час останнього входження (трансакції)
control field 20210206214902.0
007 - Фіксоване поле фізичного опису
fixed length control field ta
008 - Елементи даних фіксованої довжини – загальна інформація
fixed length control field 20031203b un ||||| |||| 00| 0 ukr d
020 ## - Міжнародний стандартний книжковий номер (ISBN)
Міжнародний стандартний книжковий номер (ISBN) (НП) 966-541-041-5
040 ## - Джерело каталогізації
Агенція оригінальної каталогізації UA-OsUOA
Мова каталогізації ukr
Агенція, яка здійснювала перезапис UA-OsUOA
Агенція, яка здійснювала модифікацію UA-OsUOA
041 ## - Код мови
Код мови тексту/ звукової доріжки чи окремого заголовка (П) ukr
044 ## - Код країни видавця/ виробника
Код країни видавця/ виробника (П) UA
080 ## - Індекс Універсальної десяткової класифікації
Індекс Універсальної десяткової класифікації (УДК) (НП) 336.76(075.8)
090 ## - Локальний шифр розміщення
Класифікаційний індекс УДК 336.76(075.8)
Авторський знак (НП) Б64
245 ## - Відомості про назву
Назва (НП) Біржова діяльність
Решта назви (НП) навчальний посібник
Дані про відповідальність (НП) ред. В. І. Крамаренко, В. І. Холод
260 ## - Публікація, розповсюдження і т.п. (Вихідні дані)
Місце публікації, розповсюдження і т.п. (П) Київ
Ім’я/ наймення видавництва, розповсюджувача і т.п. (П) ЦУЛ
Дата публікації, розповсюдження і т.п. (П) 2003
300 ## - Фізичний опис
Обсяг 264 с.
650 #7 - Додаткове предметне введення – тематичний термін
Джерело заголовка чи терміна UDC
942 ## - Додаткові елементи входу (Коха)
Тип елемента Koha Книги
Source of classification or shelving scheme Universal Decimal Classification
955 ## - Код типу видання за змістом
Код типу видання за змістом (НП) інше
Фонди
Стан вилучень Стан втрат Джерело класифікації або схеми стелажів Стан уражень Не для кредиту Постійне місце розташування Поточне розміщення Дата придбання Вартість, звичайна ціна покупки Інвентарний номер Усього замовленно Повний номер виклику Штрих-код Дата останнього перегляду Ціна ефективна від Тип елемента Koha Перевірено Дата останньої перевірки
    Universal Decimal Classification     ЧЗ - Читальна зала ЧЗ - Читальна зала 03/12/2003 33.55 75465   336.76(075.8) Б64 75465 06/02/2022 03/12/2003 Книги    
    Universal Decimal Classification     ЧЗ - Читальна зала ЧЗ - Читальна зала 03/12/2003 35.15 75466 1 336.76(075.8) Б64 75466 23/03/2023 03/12/2003 Книги 06/04/2023 23/03/2023